Регионална библиотека "Любен Каравелов" - Русе

Handarbeitstechnik (Запис номер 115340)

MARC детайли
000 -Лидер
Контролно поле с фиксирана дължина 01232nam a2200361 c 4500
003 - Код на организацията, давaща контролен номер
Контролно поле BLK
005 - Дата и час на последна редакция
Контролно поле 20180420231045.0
008 - Елементи от данни с фиксирана дължина
fixed length control field 180409b bul|||||r ||||||| ||bul||
010 ## - Наследен системен номер
LC control number KNG00120821000
020 ## - Международен стандартен номер на книга ISBN
Международен стандартен номер на книга ISBN 3-7304-0118-1
-- издат.: Verl. fur die Frau - на том (Т.10)
040 ## - Източник на каталожния запис
Идентификатор на билиотеката - собственик на записа BLK
041 ## - Код за език
Код за езика на текст/звукозапис или на отделно заглавие Немски
Код за езика КДБФ Немски
080 ## - УДК
Текстов определител УДК Художествени ръкоделия
УДК код - определител по УДК 746
УДК определител
УДК - код + определител 746
139 ## - Редно поле
Редна дума Handarbeitstechnik
Авторски знак Han - H 22
245 10 - Сведения за заглавието
Заглавие Handarbeitstechnik
Подзаглавни данни Bd. 1 - 11
Том Bd. 10
Заглавие на том Weben
250 ## - Област на изданието
Сведения за изданието 11 Aufl.
257 ## - Страна на издаване
Страна на създаване/издаване Германия
260 ## - Област на издателските данни
-- Leipzig
Име на издателя, разпространителя и проч. Verl. fur die Frau
Година на издаване 1977 -
300 ## - Физическа характеристика
Размери/Мащаб 23 см
380 ## - Жанр
Жанр Изкуство
650 #4 - Допълнително описание по предмет – тема
Основно описание – тема или топоним Ръкоделие, художествено
9 (RLIN) 314040
653 ## - Ключова дума – ненормативна
Ключова дума ръкоделие
653 ## - Ключова дума – ненормативна
Ключова дума гоблени
653 ## - Ключова дума – ненормативна
Ключова дума пана
653 ## - Ключова дума – ненормативна
Ключова дума апликации
653 ## - Ключова дума – ненормативна
Ключова дума кошничарство
760 1# - Описание на основната серия
-- - на том (Т.10)
Издание 11 Aufl.
Място на издаване, издател и година Verl. fur die Frau, 1979
Страници - том 65 с. : с ил.
Заглавие Bd. 10 Weben
852 ## - Местоположение
Форматна сигнатура Цб 126600
856 4# - Електронен адрес и достъп
Електронен формат pdf - файл
Път до файла /url/
856 4# - Електронен адрес и достъп
Електронен формат pdf - файл
Път до файла /url/
942 ## - АРТИКУЛИ
Вид на библиотечния материал Книги
Скрит в OPAC Не
944 ## - СЪЗДАВАНЕ И РЕДАКЦИЯ на ЗАПИСА
Създаване/Редакция Създаване
Дата на регистрацията/редакция 14.01.2011
Статус, дата на статуса добави в АБ / 13.01.2011
Служител, извършил регистрацията/редакцията Наталия_Любомирова
944 ## - СЪЗДАВАНЕ И РЕДАКЦИЯ на ЗАПИСА
Създаване/Редакция Редакция
Дата на регистрацията/редакция 25.09.2015
Статус, дата на статуса добави в АБ / 13.01.2011
Служител, извършил регистрацията/редакцията Ирена_Линкова
999 ## - СИСТЕМНИ КОНТРОЛНИ НОМЕРА
Koha biblionumber 115340
Koha biblioitemnumber 115340
Наличности
Код за отписване Код за изгубен артикул Източник на класификационната схема Код за повреда Коз за рестрикции Код за отдаване Артикулен № Име на библиотеката - собственик Име на библиотеката, в която се намира в момента Статус (Текущо местоположение) Дата на вписване в системата Местоположение - отдел Цена в лева Инвентарен номер Систематично азбучна сигнатура Баркод Номер на екземпляра Цена в евро Служебна бележка Служебен тип на артикула
  Не е изгубен Universal Decimal Classification Не е повреден без рестрикции заемане за дома 185246 Регионална библиотека "Любен Каравелов" Русе Регионална библиотека "Любен Каравелов" Русе Отдел Изкуство - подръчен фонд 1979-01-01 Отдел Изкуство - подръчен фонд 1.40 518484 746/H 22 120000518484 1 0.72 N: стар фонд Дата: 01.01.1979 Дата инв: 07.06.2012 Бележки инв: * Книги
Vip Innovations Ltd, Rousse, Bulgaria 2025